| 000 | 00627cam a2200193 4500 | ||
|---|---|---|---|
| 001 | 4179 | ||
| 005 | 20181127172804.0 | ||
| 008 | 111116s2011 enka b 001 0 eng | ||
| 010 | _a 2011456848 | ||
| 020 | _a0198072082 (pbk.) | ||
| 020 | _a9780198072089 (pbk.) | ||
| 100 | 1 |
_aRajagopalan, R. _c(Of Navadarshanam) |
|
| 245 | 1 | 0 |
_aEnvironmental studies : _bFrom crisis to cure / _cR. Rajagopalan. |
| 250 | _a2nd ed. | ||
| 260 |
_aOxford ; _aNew York : _bOxford University Press, _c2013. |
||
| 300 |
_axviii, 358 p. : _bill. ; _c25 cm. |
||
| 504 | _aIncludes bibliographical references and index. | ||
| 650 | 0 | _aEnvironmental sciences. | |
| 999 |
_c3430 _d3430 |
||